|
|
|
|
| LEADER |
00000nam a2200000 4500 |
| 001 |
vtls012065798 |
| 003 |
SK-MaSNL |
| 005 |
20260301041159.0 |
| 008 |
210817s1607 gw a f 010 0 lat |
| 015 |
|
|
|a SNBHFA
|
| 040 |
|
|
|a SNKHF
|b slo
|c SNKHF
|e rda
|
| 041 |
0 |
|
|a lat
|
| 044 |
|
|
|a gw
|c DE
|
| 072 |
|
7 |
|a 378
|x Vysoké školy
|2 konspekt
|
| 080 |
|
|
|a 378
|2 2011
|
| 080 |
|
|
|a (043.3)
|2 2011
|
| 100 |
1 |
|
|a Strauch, Aegidius,
|d 1583-1657
|4 aut
|9 342527
|
| 245 |
1 |
0 |
|a Avspiciis Sacrosanctae Et individvae Trinitatis, Illustrium Qvaestionvm Ethicarvm, Centvriae Posterioris Decas Secvnda. Quam In inclyta VVitebergensi Academia
|c Praeside A. Aegidio Stravchio, Facultatis Philos. adjuncto. Tuebitur Samvel Tvringvs Suidnitio-Silesius. Ad diem 20 Iunij, hora et loco consuetis
|
| 264 |
|
3 |
|a VVitebergae
|b Typis Cratonianis, per Iohan. Gorman.
|c Anno M.DC.VII. (1607)
|
| 300 |
|
|
|a 24 nečíslovaných strán
|c 19 cm
|
| 336 |
|
|
|a text
|b txt
|2 rdacontent
|
| 337 |
|
|
|a bez média
|b n
|2 rdamedia
|
| 338 |
|
|
|a zväzok
|b nc
|2 rdacarrier
|
| 500 |
|
|
|a Titulný list v ozdobnom rámčeku s figurálnou výzdobou, linka, iniciálka s ornamentálnym pozadím vo voľnom priestore 6 riadkov, kustody
|
| 501 |
|
|
|a Príväzok 14. k: MARTINI, Jakob. Disputatio De Categoriarum Aristotelis ... Witebergae : Typis Martini Henckelij, Anno 1608.
|5 SNK ID 61551
|
| 508 |
|
|
|a Dedikácia: Turingus, Samuel; príležitostné básne: Schubertus, Zacharias; Schwetke, Bartholomaeus
|
| 546 |
|
|
|a Latinský text
|b Kurzíva
|
| 563 |
|
|
|a Väzba: previazaná, plátená.
|5 SNK ID 61551
|
| 650 |
0 |
7 |
|a vysoké školy
|2 SNKPH
|9 1277
|
| 655 |
|
7 |
|a dizertácie
|2 SNKPH
|9 70277
|
| 700 |
1 |
|
|a Gorman, Johann,
|d zomrel 1628
|4 prt
|9 306297
|
| 700 |
1 |
|
|a Turingus, Samuel
|4 aut
|4 hnr
|9 342528
|
| 700 |
1 |
|
|a Schubertus, Zacharias
|4 aut
|9 342529
|
| 700 |
1 |
|
|a Schwetke, Bartholomaeus
|4 aut
|9 342530
|
| 752 |
|
|
|a Nemecko
|d Wittenberg
|
| 852 |
|
|
|a snk
|b Historické fondy
|p ID 61551/prív.14
|
| 958 |
|
|
|a ONDV
|
| 958 |
|
|
|a DC
|
| 999 |
|
|
|c 587790
|d 589720
|
| 952 |
|
|
|t Tlače 16. stor.
|a SNK
|b SNK
|c SNK_HF
|y PREZ
|7 0
|p 17A1397570
|o snkID 61551/prív.14
|i snkF 136/74
|8 5
|0 0
|1 0
|4 0
|d 2021-08-17
|f 1
|l 0
|r 2026-02-23 15:14:36
|w 2026-02-23
|